000 00466nam a22001817a 4500
005 20260402123910.0
008 260402b |||||||| |||| 00| 0 eng d
020 _a9789392234026
041 _aEnglish
082 _a346.54 MYN
100 _a Myneni, S.R
245 _aLaw of Financial Market Regulation
250 _a1st
260 _aFaridabad :
_b New Era Law Publication,
_c2022.
300 _a555 p
650 _aFinancial Market Regulation
942 _cDB
999 _c9588
_d9588